| 000 | 01105nam a22003017a 4500 | ||
|---|---|---|---|
| 001 | 03565 | ||
| 003 | HDC | ||
| 007 | cr bn ---aaaaa | ||
| 008 | 210110t2004 nyu||||| |||| 00| 0 eng | ||
| 020 | _a0-8247-4783-6 | ||
| 040 | _aHDC | ||
| 100 |
_aSiemens, John C. _eauthor _93080 |
||
| 245 | 0 |
_aAgricultural systems management : optimizing efficiency and performance. Chapter 5 : _bMachinery Selection and Management Program for Maize / Soybean / by _cJohn C. Siemens and Robert M. Peart |
|
| 260 |
_aNew York : _bMarcel Dekker, _c2004 |
||
| 300 | _a34 pages | ||
| 336 |
_atext _2rdacontent |
||
| 337 |
_acomputer _2rdamedia |
||
| 338 |
_aonline resource _2rdacarrier |
||
| 650 |
_aAgricultural systems _93067 |
||
| 650 |
_aMachinery Selection _93081 |
||
| 650 |
_aManagement Program _93082 |
||
| 650 |
_aSoybean _93083 |
||
| 700 |
_aPeart, Robert M. _93066 _eauthor |
||
| 856 | _zRequest full-text at [email protected] | ||
| 942 | _2lcc | ||
| 942 | _cCHAP | ||
| 942 | _kEBCH 001611 | ||
| 999 |
_c915 _d915 |
||